Sunk in Kula Gulf : the final voyage of the USS Helena and the incredible story of her survivors in World War II /

Bibliographic Details
Main Author: Domagalski, John J., 1969-
Format: Book
Language:English
Published: Washington, D.C. : Potomac Books, [2012]
Edition:1st ed.
Subjects:

MARC

Tag First Indicator Second Indicator Subfields
LEADER 00000cam a22000004a 4500
001 in00002760413
005 20150922142521.0
008 120611s2012 dcuaf b 001 0 eng
010 |a  2012023651 
020 |a 9781597978392 (hbk. : alk. paper) 
020 |a 1597978396 (hbk. : alk. paper) 
020 |a 9781597978408 (electronic) 
020 |a 159797840X (electronic) 
035 |a (OCoLC)ocn773023743 
040 |a DLC  |c DLC  |d UtOrBLW 
043 |a n-us--- 
049 |a TXAM 
050 0 0 |a D774.H4  |b D66 2012 
082 0 0 |a 940.54/2695931  |2 23 
100 1 |a Domagalski, John J.,  |d 1969- 
245 1 0 |a Sunk in Kula Gulf :  |b the final voyage of the USS Helena and the incredible story of her survivors in World War II /  |c John J. Domagalski. 
250 |a 1st ed. 
264 1 |a Washington, D.C. :  |b Potomac Books,  |c [2012] 
264 4 |c ©2012 
300 |a xvi, 239 pages, 16 unnumbered pages of plates :  |b illustrations ;  |c 24 cm. 
336 |a text  |b txt  |2 rdacontent 
337 |a unmediated  |b n  |2 rdamedia 
338 |a volume  |b nc  |2 rdacarrier 
504 |a Includes bibliographical references and index. 
505 0 |a Heading north -- Voyage to the unknown -- Escape to Espiritu Santo -- Down under -- Return to Kula Gulf -- Turnabout -- Gunfight -- Fatal damage -- Abandon ship -- A night in Kula Gulf -- The captain's flotilla -- Return -- Adrift -- The island -- Hideouts -- Rescue operation -- Home. 
610 2 0 |a Helena (Cruiser) 
650 0 |a World War, 1939-1945  |x Campaigns  |z Solomon Islands. 
650 0 |a World War, 1939-1945  |x Naval operations, American. 
945 |a PromptCat 
946 |a stk 
947 |a A14836007817 
948 |a cataloged  |b h  |c 2012/11/27  |d c  |e dmitchel  |f 9:00:00 am 
994 |a 92  |b TXA 
999 |a MARS 
999 f f |s d54d47d7-fa4d-30cd-bc5a-4b982ad787f0  |i 8b71d649-f5e0-3641-b2bf-8802f16482b7  |t 0 
952 f f |p ric  |a Texas A&M University  |b Rellis Campus  |c Joint Library Facility  |d Remote Storage  |t 0  |e D774.H4 D66 2012  |h Library of Congress classification  |i unmediated -- volume  |m A14836007817 
998 f f |a D774.H4 D66 2012  |t 0  |l Remote Storage